Statistiques concernant Equipage Arlong ( One Piece )

Cliquez ici pour prendre le quiz!

Statistiques générales

  • Ce quiz a été pris 25 fois
  • Le résultat moyen est 5 sur 10

Statistiques - réponses

Réponse% Correct
Arlong
100%
Nami
100%
Octo
65%
Meuh Meuh
61%
Smack
57%
Kuroobi
52%
Pisaro
17%
Kaneshiro
13%
Shioyaki
9%
Take
9%

Distribution des résultats

Percentile par nombre de réponses

% des personnes avec chaque résultat

Votre développement - résultats

Vous n’avez pas pris ce quiz